Normal view
MARC view
- भारतीय विचार साधना प्रकाशन
Entry Personal Name
001 - CONTROL NUMBER
- control field: 216876
003 - CONTROL NUMBER IDENTIFIER
- control field: OSt
005 - DATE AND TIME OF LATEST TRANSACTION
- control field: 20260309154736.0
008 - FIXED-LENGTH DATA ELEMENTS
- fixed length control field: 260309|| aca||aabn | a|a d
040 ## - CATALOGING SOURCE
- Original cataloging agency: OSt
- Transcribing agency: OSt
100 ## - HEADING--PERSONAL NAME
- Personal name: भारतीय विचार साधना प्रकाशन
670 ## - SOURCE DATA FOUND
- Source citation: Work cat.: (OSt)370621: भारतीय विचार साधना प्रकाशन, महात्मा फुले जीवन व कार्य, 2018